Pick the Author Word Quiz Stats

 Plays Quiz Updated Oct 26, 2018

Score 0/20 Timer 03:00
2 Plays Today
Question Answer Wrong Answers
Roald Dahl Giant
87%
Silly
2.2%
Goats
2.1%
Colors
2.1%
George Orwell Farm
85.5%
Brother
5.8%
Hand
0.8%
Cold
1.5%
Jane Austen Sense
83%
Glove
0.9%
Manor
7.1%
Garden
2.7%
Stephen King Sematary
82.5%
Ghost
2.9%
Lake
4%
Evil
4.2%
Douglas Adams Universe
72.1%
Earth
9.1%
Stars
6.2%
Colony
5.6%
Kurt Vonnegut Cradle
69.8%
Land
12.2%
Sign
7.5%
Bald
3.3%
J.K. Rowling Fire
69.1%
Spell
2.4%
Boy
7.3%
Wizard
15%
Ernest Hemingway Bell
67.4%
War
15.4%
Sons
7.3%
Lake
3.2%
Charles Dickens Carol
66.8%
London
4%
Earnest
4.6%
Bartleby
18.4%
Mark Twain American
63.5%
West
17%
Roads
6.3%
Soldier
6.4%
Dan Brown Lost
55.3%
Stone
7.6%
Sign
26%
Forgotten
4.4%
Stieg Larsson Nest
51.2%
Flame
8.1%
Serpent
19.5%
Snake
14.3%
John Grisham Lawyer
51%
Legal
17.6%
Court
12%
Judge
12.5%
Toni Morrison Baby
43%
Sister
27%
Salvation
12.4%
Passions
10.3%
William Faulkner Dust
42.5%
Village
12.2%
Confederate
18.7%
Roses
19.2%
F. Scott Fitzgerald Beautiful
41.8%
Affair
27.6%
Gentleman
16.3%
Estate
7.3%
Sue Grafton Judgment
40.7%
Indictment
16.5%
Felony
25.2%
Robber
10.1%
Robert Louis Stevenson Master
38.8%
Sword
17.4%
Murder
10.5%
King
26.4%
John Steinbeck Flat
32.7%
Field
12.5%
Road
42.9%
Fallen
5.1%
Anne Rice Mummy
27.7%
Werewolf
33.4%
Satan
20%
Banshee
11.6%

You're not logged in!

Compare scores with friends on all Sporcle quizzes.
OR
Log In

Sporcle TV

Today on Sporcle TV


Watch our educational content, quiz creation guides, and fun videos on Sporcle TV.

Show Comments

Extras

Top Quizzes Today


Score Distribution

Your Account Isn't Verified!

In order to create a playlist on Sporcle, you need to verify the email address you used during registration. Go to your Sporcle Settings to finish the process.

Report this User

Report this user for behavior that violates our Community Guidelines.

Details: